Normal view
MARC view
Entry Personal Name
001 - CONTROL NUMBER
- control field: 10090
003 - CONTROL NUMBER IDENTIFIER
- control field: NUST
005 - DATE AND TIME OF LATEST TRANSACTION
- control field: 20180307104512.0
008 - FIXED-LENGTH DATA ELEMENTS
- fixed length control field: 180307|| aca||aabn | a|a d
040 ## - CATALOGING SOURCE
- Original cataloging agency: NUST
- Transcribing agency: NUST
100 ## - HEADING--PERSONAL NAME
- Personal name:
- General subdivision: Computational Chemistry
670 ## - SOURCE DATA FOUND
- Source citation: Work cat.: (NUST): Malik Zaheer Ahmed 10089, Thesis: Density Functional Theory Studies of Temperature and Solvent Effect on Coordination Chemistry of Cu (II) - Trimethoprim Complexes, Jan,2018
